| 000 | 00716nam a22002537a 4500 | ||
|---|---|---|---|
| 003 | UA-OsUOA | ||
| 001 | 113736 | ||
| 007 | ta | ||
| 008 | 20151002b un ||||| |||| 00| 0 ukr d | ||
| 100 | _aMaddoux M. | ||
| 090 | _a21 | ||
| 942 | _cBK | ||
| 040 |
_aUA-OsUOA _beng _cUA-OsUOA _dUA-OsUOA |
||
| 245 | _aAmerica Betrayed! | ||
| 300 | _a160 p. | ||
| 955 | _a2 | ||
| 041 | _aeng | ||
| 080 | _a21 | ||
| 020 | _a0-910311-18-8 | ||
| 260 |
_aColombia _bHuntington House _c1984 |
||
| 650 | 7 |
_a21 Природна теологія. Теодицея (Бог). Раціональна теологія Релігійна філософія _2UDC |
|
| 999 |
_c399880 _d399880 |
||